Job satisfaction and gender in the APS: Who'd want to be a male? (Record no. 91334)

000 -LEADER
fixed length control field 01356pab a2200181 454500
008 - FIXED-LENGTH DATA ELEMENTS--GENERAL INFORMATION
fixed length control field 180718b2011 xxu||||| |||| 00| 0 eng d
100 ## - MAIN ENTRY--PERSONAL NAME
Personal name Lindorff, Margaret
245 ## - TITLE STATEMENT
Title Job satisfaction and gender in the APS: Who'd want to be a male?
260 ## - PUBLICATION, DISTRIBUTION, ETC.
Date of publication, distribution, etc. 2011
300 ## - PHYSICAL DESCRIPTION
Extent p.58-74.
362 ## - DATES OF PUBLICATION AND/OR SEQUENTIAL DESIGNATION
Dates of publication and/or sequential designation Mar
520 ## - SUMMARY, ETC.
Summary, etc. This article use the 2008 State of the Service survey data to compare the job satisfaction and attitudes toward work of men and women in the Australian Public Service (APS). It shows that up to and including Executive Level (EL) women are significantly more positive than men about their work and the organisation. At Senior Executive Service (SES) level men are more satisfied. The article also looks at the predictors of job satisfaction separately for men and women at each level, and finds that career progression, support for work-life balance, agency leadership, role clarity and authority and good immediate management are significant contributors for most employees. It suggests that the APS use these findings to identify those areas which need to be developed in order to attract men, and increase the job satisfaction of existing male staff at Executive Level and below. - Reproduced.
650 ## - SUBJECT ADDED ENTRY--TOPICAL TERM
Topical term or geographic name entry element Women
650 ## - SUBJECT ADDED ENTRY--TOPICAL TERM
Topical term or geographic name entry element Job satisfaction
773 ## - HOST ITEM ENTRY
Main entry heading Australian Journal of Public Administration
908 ## - PUT COMMAND PARAMETER (RLIN)
Put command parameter N
909 ## -
-- 91334
Holdings
Withdrawn status Lost status Damaged status Not for loan Permanent Location Current Location Date acquired Serial Enumeration / chronology Barcode Date last seen Price effective from Koha item type
        Indian Institute of Public Administration Indian Institute of Public Administration 2018-07-19 Volume no: 70, Issue no: 1 AR91794 2018-07-19 2018-07-19 Articles

Powered by Koha